Szczegóły MARC21

Mikroekonomia stosowana : zbiór zadań : praca zbiorowa /

005 -DATA I CZAS OSTATNIEJ MODYFIKACJI [,]
    • @
    • pole kontrolne
    • 20070315155141.9
020 -Międzynarod. znormalizowany nr książki - ISBN [ , ]
    • a
    • Numer ISBN
    • 8385360107 Find
040 -Instytucja sporządzająca opis [ , ]
    • a
    • Instytucja, która sporządziła opis (NP)
    • SZCZ U
    • c
    • Instytucja, która sporządziła rekord (NP)
    • SZCZ U
041 -Język dokumentu [0, ]
    • a
    • Język tekstu (P)
    • polski
    • h
    • Język tekstu oryginalnego i/lub pośredniego (P)
    • polski
942 -Rodzaj dokumentu [ , ]
    • c
    • Rodzaj dokumentu
    • Książka
245 -Strefa tytułu i oznaczenia odpowiedzialności [0, ]
    • a
    • Tytuł
    • Mikroekonomia stosowana : Find
    • b
    • Ciąg dalszy tytułu (NP)
    • zbiór zadań : praca zbiorowa / Find
    • c
    • Pozostałe elementy strefy tytułu i oznaczenia odpowiedzialności (NP)
    • pod red. Danuty Kopycińskiej.
260 -Strefa adresu wydawniczego [ , ]
    • a
    • Miejsce wydania (P)
    • Szczecin :
    • b
    • Nazwa wydawcy (P)
    • [Pol.Pismo i Książka],
    • c
    • Data wydania (P)
    • 2001.
300 -Strefa opisu fizycznego [ , ]
    • a
    • Określenie formy książki i/lub objętość (NP)
    • 110 s. :
    • c
    • Format (NP)
    • 20 cm.
080 -Uniwersalna Klasyfikacja Dziesiętna [ , ]
    • a
    • Symbol klasyfikacji
    • 330.101.542
    • 9
    • UKD
    • 2947
    • 2
    • Identyfikator wydania tablic
    • UDC-P058
    • b
    • Dopowiedzenie
    • Mikroekonomia.
980 -Symbol UKD [ , ]
    • a
    • UKD
    • 330.101.542
700 -Hasło dodatkowe - nazwa osobowa [ , ]
    • a
    • Nazwa osobowa (NP)
    • Kopycińska Danuta Find
920 -ISBN [ , ]
    • a
    • ISBN
    • 83-85360-10-7 Find
Lokalizacja Data inwentaryzacji Status udost. Numer inwentarzowy Sygnatura
BE2001-10-16-6S.88350 
BE2001-10-16-6S.88351 
BE2001-10-162S.88352 
BE2001-10-162S.88353 
BE2001-10-162S.88354 
BE2001-10-162S.88355 
T2001-11-12-3T.5893T.5893
T2001-11-12-2T.5894T.5894
T2001-11-12-3T.5895T.5895
T2001-11-12-6T.5896T.5896
T2001-11-12-3T.5897T.5897
T2001-11-12-3T.5898T.5898
T2001-11-12-3T.5899T.5899
T2001-11-12-3T.5900T.5900
T2001-11-12-3T.5901T.5901
T2001-11-12-3T.5902T.5902
T2001-11-12-3T.5903T.5903
T2001-11-12-3T.5904T.5904
T2001-11-12-3T.5905T.5905
T2001-11-12-3T.5906T.5906
T2001-11-12-3T.5907T.5907
T2006-06-29-3T.9160T.9160